[Event "Veliko Gradiste Silver Lake op-A"]
[Site "Veliko Gradiste"]
[Date "2018.06.21"]
[Round "6"]
[White "Kosanovic, Goran A"]
[Black "Uysal, Burak"]
[Result "1-0"]
[WhiteElo "2345"]
[BlackElo "2210"]
[PlyCount "135"]
[EventDate "2018.06.17"]
[EventType "swiss"]
[EventRounds "9"]
[EventCountry "SRB"]
[SourceTitle "CBM 185 Extra"]
[Source "ChessBase"]
[SourceDate "2018.07.29"]
[SourceVersion "1"]
[SourceVersionDate "2018.07.29"]
[SourceQuality "1"]

1. d4 Nf6 2. Nf3 d5 3. e3 c5 4. c4 cxd4 5. exd4 g6 6. Nc3 Bg7 7. cxd5 Nxd5 8. Qb3 Nxc3 9. bxc3 0-0 10. Be2 b6 11. 0-0 Bb7 12. a4 Nc6 13. Bg5 Rc8 14. Rfe1 Qc7 15. Rac1 e6 16. Qa3 Rfe8 17. Red1 Na5 18. c4 Bxf3 19. Qxf3 Qd7 20. c5 Qxa4 21. Rb1 Qc6 22. cxb6 Qxf3 23. gxf3 axb6 24. Bb5 Nc6 25. Rbc1 Nxd4 26. Bxe8 Rxe8 27. Kg2 Nf5 28. Be3 Nxe3+ 29. fxe3 Bf8 30. Rc7 Bc5 31. Rdd7 Rf8 32. Kf2 g5 33. Ke2 Kg7 34. Kd3 Kg6 35. h3 h6 36. Ke4 Kf6 37. Kd3 Kg6 38. e4 Kf6 39. Ke2 Bg1 40. Kf1 Be3 41. Rb7 Bc5 42. Kg2 Be3 43. Kg3 Kg6 44. h4 f5 45. Rg7+ Kf6 46. h5 fxe4 47. fxe4 Ke5 48. Rg6 g4 49. Re7 Rf6 50. Kxg4 Bg5 51. Rxf6 Kxf6 52. Rb7 Be3 53. Kf3 Bd4 54. Kf4 Be5+ 55. Kg4 Bd4 56. Rb8 Kf7 57. Kf4 Kg7 58. Rd8 Bc3 59. Rd3 Bb2 60. e5 Bc1+ 61. Ke4 Bg5 62. Rd6 Kf7 63. Rxb6 Bh4 64. Rb7+ Kf8 65. Rh7 Bg5 66. Kd4 Kg8 67. Rb7 Bf4 68. Re7 1-0

[Event "Kragujevac New Year"]
[Site "Kragujevac"]
[Date "2018.01.12"]
[Round "2"]
[White "Jovic, Stanoje"]
[Black "Uysal, Burak"]
[Result "1-0"]
[WhiteElo "2276"]
[BlackElo "2182"]
[PlyCount "83"]
[EventDate "2018.01.11"]
[EventType "tourn"]
[EventRounds "9"]
[EventCountry "SRB"]
[EventCategory "4"]
[SourceTitle "CBM 182 Extra"]
[Source "ChessBase"]
[SourceDate "2018.02.23"]
[SourceVersion "1"]
[SourceVersionDate "2018.02.23"]
[SourceQuality "1"]

1. c4 e5 2. Nc3 Bb4 3. Nf3 Bxc3 4. bxc3 d6 5. g3 c5 6. d3 Nc6 7. Bg2 Nge7 8. 0-0 0-0 9. Ne1 Be6 10. e4 Qd7 11. f4 exf4 12. Bxf4 Ng6 13. Nc2 Nxf4 14. Rxf4 Ne5 15. Ne3 g6 16. Rb1 Rab8 17. Bf1 Qc7 18. Qa4 Nc6 19. Nd5 Bxd5 20. cxd5 Qa5 21. Qb3 Ne7 22. Bh3 b5 23. Rbf1 b4 24. c4 Qa3 25. Rf6 Qxb3 26. axb3 Rbd8 27. Ra1 Kg7 28. Rf2 Ra8 29. Rfa2 Kf6 30. Rxa7 Rxa7 31. Rxa7 Rd8 32. Kf2 g5 33. Ke3 Ng6 34. d4 cxd4+ 35. Kxd4 Ne5 36. Ra6 Nf3+ 37. Ke3 Nxh2 38. c5 Ke5 39. c6 g4 40. Ra2 gxh3 41. Rxh2 Ra8 42. Rf2 1-0